00453 a2200145 450000100060000004000240000624000400003024500350007030000100010536200090011565000600012494200070018495200990019199900170029047393 cAnchieta - Aquarius10a500 anos do dinheiro no Brasillpor10a500 anos do dinheiro no Brasil a50 p.0 a2010 4aHistória do Brasil Carta de Pero Vaz de Caminha Geral cBK 00104070a87.1b87.1d2023-11-21l0o981 500p6052/AQUr2023-11-21 15:14:15w2023-11-21yBK c47393d47393